| 000 | 00790nam a2200205 i 4500 | ||
|---|---|---|---|
| 001 | 185633 | ||
| 003 | ES-MaACL | ||
| 005 | 20230906222500.0 | ||
| 008 | 160729m19151916fr |||| | fre d | ||
| 100 | 1 |
_aTanton, Jean. _9160247 |
|
| 245 | 1 | 0 |
_aFractures... / _cpar Jean Tanton. |
| 260 |
_aParis : _bJ. B. Baillière et fils, _c1915-1916. |
||
| 300 |
_a2 vol. (860-617 p.) : _bil. ; _c24 cm. |
||
| 490 | 1 |
_aNouveau traité de chirurgie clinique et opératoire ; _v4 |
|
| 505 | 8 | _aContiene: Vol 1: Fractures en général - Fracture des membres. - Vol. 2 : Fractures du membre inférieur | |
| 650 | 0 | 4 |
_aFracturas óseas- _xTratamiento. _912976 |
| 830 | 0 |
_aNouveau traité de chirurgie clinique et opératoire ; _v4 _9192361 |
|
| 852 |
_aES-MaACL _jB-13546-47 |
||
| 999 |
_c185633 _d185633 |
||